Innovation and market structure : Lessons from the computer and semiconductor industries

محفوظ في:
التفاصيل البيبلوغرافية
المؤلف الرئيسي: Dorfman, Nancy S.
التنسيق: كتاب
اللغة:Undetermined
منشور في: Cambridge, Mass. Ballinger Pub. Co. 1987
الموضوعات:
الوسوم: إضافة وسم
لا توجد وسوم, كن أول من يضع وسما على هذه التسجيلة!
Thư viện lưu trữ: Trung tâm Học liệu Trường Đại học Cần Thơ
LEADER 00754nam a2200205Ia 4500
001 CTU_95476
008 210402s9999 xx 000 0 und d
082 |a 338.4 
082 |b D695 
100 |a Dorfman, Nancy S. 
245 0 |a Innovation and market structure : 
245 0 |b Lessons from the computer and semiconductor industries 
245 0 |c Nancy S. Dorfman 
260 |a Cambridge, Mass. 
260 |b Ballinger Pub. Co. 
260 |c 1987 
650 |a Computer industry,Semiconductor industry,Technological innovations,New business enterprises,Research, industrial,Competition 
650 |x Technological innovations,Technological innovations,Economics aspects 
904 |i M.Loan 
980 |a Trung tâm Học liệu Trường Đại học Cần Thơ